00532nam a2200169 a 450000100100000000500170001000800410002704000250006804100130009308200110010624500370011726000340015430000220018859000260021095201090023699900170034500003413720200930070815.0110926s2004 dr 000 0 spa d aDO-SdBNPbspacBNPHU17aspaheng axxbxx00aChild and adolescent psychology. aNwe York :bPlenum,c[198-?]. a[16] p. ;c22 cm. aInventariado, 2019/VM 0010718PDaGRbGRcHDd2011-09-26iLF2l0oxx xxp34137-10r2020-06-25w2020-06-25yLFPDZNo se presta c33628d33628